000 00329nam a22001097a 4500
100 _aMuhammad Shoaib
_a13ME15
245 _aA Case Study of Enhance the Recovery of Gas Condensate from Raw Natural Gas
260 _aNawabshah:
_bQUEST,
_c2016.
300 _a42p. ;
700 _aDepartment of Mechanical Engineering
942 _cTHESIS
999 _c57548
_d57545